000
00336nam a2200133Ia 4500
008
100328s9999 xx 000 0 und d
082
_b
19754
100
_a
भोसले द.ता.
245
_a
पाळत
260
_b
पं.अ.कुलकर्णी
630
_a
पाळत
730
_a
पाळत
942
_c
BOOK
999
_c
514019
_d
514016